Statistics for US Death Penalty Crimes Since 1900

Click here to take the quiz!

General Stats

  • This quiz has been taken 800 times
  • The average score is 4 of 9

Answer Stats

Crime% Correct
{Murder}
99%
{Rape}
78%
{Espionage}
43%
{Robbery}
43%
{Kidnapping}
36%
{Assault} {by} {a} {life} {convict}
27%
{Burglary}
14%
{Desertion}
10%
{Train} {Robbery}
5%

Score Distribution

Percentile by Number Answered

Percent of People with Each Score

Your Score History

You have not taken this quiz